Normal view
MARC view
- MUHAMMAD USMAN, ALI ABDULLAH, KAMRAN KHAN
Entry Personal Name
001 - CONTROL NUMBER
- control field: 72483
003 - CONTROL NUMBER IDENTIFIER
- control field: NUST
005 - DATE AND TIME OF LATEST TRANSACTION
- control field: 20210628204814.0
008 - FIXED-LENGTH DATA ELEMENTS
- fixed length control field: 210628|| aca||aabn | a|a d
040 ## - CATALOGING SOURCE
- Original cataloging agency: NUST
- Transcribing agency: NUST
100 ## - HEADING--PERSONAL NAME
- Personal name: MUHAMMAD USMAN, ALI ABDULLAH, KAMRAN KHAN
670 ## - SOURCE DATA FOUND
- Source citation: Work cat.: (NUST): MUHAMMAD USMAN, ALI ABDULLAH, KAMRAN KHAN, PR-SOF-1199-DESIGN,, IMPLEMENTATION AND CONTROL, 2012
